[Event "1st CRO junior liga"]
[Site "Sveti Filip i Jakov"]
[Date "2018.04.08"]
[Round "11.7"]
[White "Purini, Bruno"]
[Black "Toplak, Juraj"]
[Result "0-1"]
[WhiteElo "1409"]
[BlackElo "2029"]
[PlyCount "30"]
[EventDate "2018.??.??"]
[WhiteClock "1:30:00"]
[BlackClock "1:30:00"]

1. e4 Nf6 2. e5 Nd5 3. c4 Nb6 4. d4 d6 5. exd6 cxd6 6. Nf3 g6 7. b3 Bg7 8. Bb2
O-O 9. Be2 Nc6 10. O-O e5 11. dxe5 dxe5 12. Qxd8 Rxd8 13. Nc3 e4 14. Ng5 Rd2
15. Bc1 Rc2 0-1

[Event "1st CRO junior liga"]
[Site "Sveti Filip i Jakov"]
[Date "2018.04.08"]
[Round "11.8"]
[White "Skrobar, David"]
[Black "Fiskus, Eva"]
[Result "1-0"]
[WhiteElo "1745"]
[BlackElo "1294"]
[PlyCount "61"]
[EventDate "2018.??.??"]
[WhiteClock "1:30:00"]
[BlackClock "1:30:00"]

1. d4 d5 2. c4 c6 3. Nc3 Nf6 4. Bg5 e6 5. e3 h6 6. Bh4 Be7 7. Nf3 O-O 8. cxd5
cxd5 9. Bd3 Nc6 10. Rc1 Bd7 11. O-O a6 12. a3 b5 13. Qe2 Re8 14. b4 Ng4 15.
Bxe7 Qxe7 16. Nd2 Nf6 17. Nb3 Rec8 18. Nc5 Be8 19. f4 Nd7 20. Rf3 f5 21. Rf2
Qf7 22. g4 Nxc5 23. dxc5 g6 24. gxf5 exf5 25. Qf3 d4 26. Bb1 Qg7 27. Nd5 dxe3
28. Qxe3 Ra7 29. Qe6+ Qf7 30. Qxc8 Qg7 31. Qe6+ 1-0

[Event "1st CRO junior liga"]
[Site "Sveti Filip i Jakov"]
[Date "2018.04.08"]
[Round "11.13"]
[White "Jambresic, Filip"]
[Black "Jurakic, Lukas"]
[Result "1-0"]
[WhiteElo "2030"]
[BlackElo "1698"]
[PlyCount "97"]
[EventDate "2018.??.??"]
[WhiteClock "1:30:00"]
[BlackClock "1:30:00"]

1. Nf3 Nf6 2. c4 g6 3. g3 Bg7 4. Bg2 O-O 5. O-O d6 6. Nc3 e5 7. d3 c6 8. Rb1
Re8 9. Qc2 d5 10. Bg5 h6 11. Bxf6 Bxf6 12. e4 d4 13. Ne2 a5 14. Nd2 Na6 15. a3
Qe7 16. f4 c5 17. fxe5 Bxe5 18. Nf3 Bd7 19. Nxe5 Qxe5 20. Qd2 Kg7 21. Rf2 b5
22. Rbf1 Rf8 23. b3 bxc4 24. bxc4 a4 25. Nf4 Nc7 26. Nd5 Nxd5 27. cxd5 Bb5 28.
Rf6 Ra6 29. R6f4 f6 30. Rb1 Rb8 31. Rff1 Rab6 32. Rfc1 Qd6 33. Bf1 Ba6 34. Rxb6
Qxb6 35. Qf4 g5 36. Qg4 Bc8 37. Qe2 Ba6 38. e5 fxe5 39. Qxe5+ Kg8 40. Bh3 Rf8
41. Be6+ Kh7 42. Bf5+ Kg8 43. Rf1 Bc8 44. Bh7+ Kxh7 45. Qe7+ Kg6 46. Qxf8 Qc7
47. d6 Qd7 48. Qg8+ Kh5 49. Qf7+ 1-0

[Event "1st CRO junior liga"]
[Site "Sveti Filip i Jakov"]
[Date "2018.04.08"]
[Round "11.14"]
[White "Hajpek, Erik"]
[Black "Golub, Nikolina"]
[Result "1/2-1/2"]
[WhiteElo "1790"]
[BlackElo "1870"]
[PlyCount "35"]
[EventDate "2018.??.??"]
[WhiteClock "1:30:00"]
[BlackClock "1:30:00"]

1. e4 c5 2. Nf3 e6 3. d4 cxd4 4. Nxd4 Nf6 5. f3 Nc6 6. Be3 a6 7. a3 Qc7 8. Nc3
Be7 9. Bd3 O-O 10. O-O Bc5 11. Be2 b5 12. Kh1 Qb6 13. Nxc6 dxc6 14. Bg5 Bd4 15.
Qe1 Bb7 16. Qg3 Nd7 17. f4 Kh8 18. Rad1 1/2-1/2

[Event "1st CRO junior liga"]
[Site "Sveti Filip i Jakov"]
[Date "2018.04.08"]
[Round "11.15"]
[White "Rickovic, Tomislav"]
[Black "Drempetic, Mario"]
[Result "0-1"]
[WhiteElo "1622"]
[BlackElo "1767"]
[PlyCount "79"]
[EventDate "2018.??.??"]
[WhiteClock "1:30:00"]
[BlackClock "1:30:00"]

1. d4 d5 2. c4 e6 3. Nc3 Nf6 4. Bg5 Nbd7 5. e3 c6 6. Nf3 Qa5 7. a3 Ne4 8. Qc2
Bb4 9. Rc1 Bxc3+ 10. bxc3 Qxa3 11. cxd5 exd5 12. Bd3 Ndf6 13. O-O Bg4 14. Bxf6
Nxf6 15. Ne5 Be6 16. Rfe1 O-O 17. e4 Rfc8 18. Ra1 Qd6 19. Re3 c5 20. exd5 cxd4
21. dxe6 dxe3 22. exf7+ Kf8 23. f4 Nd7 24. Bxh7 Nxe5 25. fxe5 Qxe5 26. Bg8 Qxc3
27. Qd1 Qd2 28. Qb1 Rc2 29. Qf1 Qf2+ 30. Qxf2 exf2+ 31. Kf1 a5 32. Rb1 Rd8 33.
g3 b5 34. Kg2 b4 35. Kf3 Rd6 36. Ke3 Rf6 37. Rd1 f1=Q 38. Rd8+ Ke7 39. Re8+ Kd7
40. Kd4 0-1

[Event "1st CRO junior liga"]
[Site "Sveti Filip i Jakov"]
[Date "2018.04.08"]
[Round "11.16"]
[White "Hajpek, Egon"]
[Black "Mesar, Vedran"]
[Result "1-0"]
[WhiteElo "1538"]
[BlackElo "1638"]
[PlyCount "69"]
[EventDate "2018.??.??"]
[WhiteClock "1:30:00"]
[BlackClock "1:30:00"]

1. e4 c5 2. Nf3 g6 3. d4 cxd4 4. Nxd4 Bg7 5. Nc3 Nc6 6. Be3 Nf6 7. f3 a6 8. Qd2
d5 9. Nxc6 bxc6 10. O-O-O e6 11. Bc5 Nd7 12. Ba3 Qb6 13. exd5 cxd5 14. Nxd5
exd5 15. Qxd5 Rb8 16. b3 Nf6 17. Qe5+ Be6 18. Bc5 Nh5 19. Qe3 Qa5 20. a4 Rc8
21. b4 Qxa4 22. Rd6 Qa1+ 23. Kd2 Rd8 24. Bb5+ axb5 25. Rxd8+ Kxd8 26. Rxa1 Bxa1
27. Qa3 Be5 28. Qa8+ Kc7 29. Qa7+ Kc8 30. Qa6+ Kc7 31. Bb6+ Kb8 32. Qxb5 Bf4+
33. Be3+ Kc7 34. Bxf4+ Kc8 35. Qb8+ 1-0

[Event "1st CRO junior liga"]
[Site "Sveti Filip i Jakov"]
[Date "2018.04.08"]
[Round "11.17"]
[White "Plenca, Jadranko"]
[Black "Cotic, Borna"]
[Result "1-0"]
[WhiteElo "2497"]
[BlackElo "2028"]
[PlyCount "83"]
[EventDate "2018.??.??"]
[WhiteClock "1:26:00"]
[BlackClock "1:30:00"]

1. e4 c5 2. Nf3 e6 3. c3 d5 4. exd5 Qxd5 5. d4 Nf6 6. Na3 Nc6 7. Be3 cxd4 8.
Nb5 Qd8 9. Nbxd4 Nxd4 10. Bxd4 Be7 11. Bd3 O-O 12. Qc2 h6 13. O-O Nd5 14. Rfd1
Bd7 15. Ne5 Bd6 16. Bh7+ Kh8 17. Be4 Bxe5 18. Bxe5 Qg5 19. f4 Qe7 20. Qf2 Rac8
21. f5 Bc6 22. Re1 Nf6 23. Bxc6 Rxc6 24. Bd4 b6 25. fxe6 Rxe6 26. Rxe6 fxe6 27.
Re1 Re8 28. Qf4 Qf7 29. a4 Kg8 30. Rf1 Rf8 31. Qe5 Qd7 32. a5 bxa5 33. Qxa5 Rf7
34. Qa6 Qb7 35. Qxe6 Qxb2 36. h3 Qa3 37. Bxf6 gxf6 38. Rxf6 Qe7 39. Qxe7 Rxe7
40. Rxh6 Rc7 41. Ra6 Rxc3 42. Rxa7 1-0

[Event "1st CRO junior liga"]
[Site "Sveti Filip i Jakov"]
[Date "2018.04.08"]
[Round "11.18"]
[White "Simunic, Krunoslav"]
[Black "Muha, Miljenko"]
[Result "0-1"]
[WhiteElo "2060"]
[BlackElo "2395"]
[PlyCount "76"]
[EventDate "2018.??.??"]
[WhiteClock "1:30:00"]
[BlackClock "1:30:00"]

1. d4 d5 2. c4 e6 3. Nc3 a6 4. cxd5 exd5 5. Nf3 c6 6. Bg5 Be7 7. Bxe7 Nxe7 8.
e3 O-O 9. Bd3 Bf5 10. O-O Nd7 11. Rb1 Re8 12. b4 b5 13. Ne2 Nb6 14. Ne5 Bxd3
15. Nxd3 a5 16. a3 Nc4 17. Ra1 a4 18. Ne5 Qd6 19. Nxc4 dxc4 20. Nc3 Nd5 21. Qc2
Rad8 22. Nxd5 cxd5 23. Rfe1 Re6 24. Rad1 Rde8 25. Re2 Rh6 26. g3 Rhe6 27. Rde1
h5 28. e4 dxe4 29. Rxe4 Qd5 30. Rxe6 Rxe6 31. Rxe6 fxe6 32. Qe2 c3 33. Qd3 Qb3
34. Qxb5 Qd1+ 35. Kg2 c2 36. f3 c1=Q 37. Qe8+ Kh7 38. Qxh5+ Qh6 0-1

[Event "1st CRO junior liga"]
[Site "Sveti Filip i Jakov"]
[Date "2018.04.08"]
[Round "11.19"]
[White "Cvitan, Ena"]
[Black "Baric, Marko"]
[Result "1-0"]
[WhiteElo "2159"]
[BlackElo "1638"]
[PlyCount "63"]
[EventDate "2018.??.??"]
[WhiteClock "1:25:00"]
[BlackClock "1:30:00"]

1. d4 d5 2. c4 e6 3. Nc3 Nf6 4. cxd5 exd5 5. Bg5 Be7 6. e3 h6 7. Bh4 O-O 8. Bd3
Be6 9. Nge2 Nbd7 10. O-O c6 11. f3 Nb6 12. Qc2 Qd7 13. Nf4 Rae8 14. Rfe1 Kh8
15. Nxe6 Qxe6 16. Bf5 Qd6 17. Rad1 Qd8 18. e4 dxe4 19. fxe4 Nh5 20. Bf2 Bb4 21.
Qe2 Nf4 22. Qf3 Ne6 23. e5 Nd5 24. Bc2 Qa5 25. Qd3 g6 26. Qh3 Kg7 27. Bh4 Bxc3
28. bxc3 Qxc3 29. Bf6+ Kh7 30. Bd3 Nxf6 31. Bxg6+ fxg6 32. Qxc3 1-0

[Event "1st CRO junior liga"]
[Site "Sveti Filip i Jakov"]
[Date "2018.04.08"]
[Round "11.20"]
[White "Cecic-Sule, Dino"]
[Black "Duda, Daniel"]
[Result "1-0"]
[WhiteElo "1390"]
[BlackElo "1972"]
[PlyCount "69"]
[EventDate "2018.??.??"]
[WhiteClock "1:30:00"]
[BlackClock "1:30:00"]

1. d4 Nf6 2. Nf3 d5 3. Bf4 c5 4. e3 Nc6 5. c3 Qb6 6. Qb3 c4 7. Qxb6 axb6 8.
Nbd2 b5 9. Be2 b4 10. O-O b5 11. Ne5 Nxe5 12. dxe5 bxc3 13. bxc3 Nd7 14. Rfb1
Ra5 15. Nf3 Nc5 16. Nd4 Bd7 17. Bd1 Ne4 18. a4 Nxc3 19. axb5 Rxa1 20. Rxa1 Bc8
21. Ba4 Nxa4 22. Rxa4 e6 23. Ra8 Kd7 24. b6 Bb7 25. Rb8 Ba6 26. Bg5 Be7 27.
Rxh8 Bxg5 28. Ra8 Bb7 29. Ra7 Kc8 30. Nb5 Be7 31. Nd6+ Bxd6 32. exd6 c3 33. d7+
Kd8 34. Rxb7 c2 35. Rc7 1-0

[Event "1st CRO junior liga"]
[Site "Sveti Filip i Jakov"]
[Date "2018.04.08"]
[Round "11.21"]
[White "Dasic, Jelena"]
[Black "Tomulic, Teo"]
[Result "0-1"]
[WhiteElo "1823"]
[BlackElo "2298"]
[PlyCount "74"]
[EventDate "2018.??.??"]
[WhiteClock "1:27:00"]
[BlackClock "1:30:00"]

1. d4 d5 2. Nf3 Nf6 3. c4 e6 4. Nc3 Nbd7 5. e3 a6 6. cxd5 exd5 7. Bd2 Bd6 8.
Qc2 O-O 9. Bd3 Re8 10. O-O Nf8 11. Rfe1 Bg4 12. e4 dxe4 13. Nxe4 Nxe4 14. Bxe4
c6 15. Ne5 Be6 16. Bc3 Qc7 17. Rad1 Rad8 18. Re3 Ng6 19. Rf1 Nf8 20. f4 f6 21.
f5 Bxa2 22. Ng4 Bf7 23. Rh3 Re7 24. Qe2 Rde8 25. Nxf6+ gxf6 26. Qg4+ Kh8 27.
Qh4 Bd5 28. Qxf6+ Rg7 29. Bxd5 cxd5 30. Qh6 Qf7 31. Qxd6 Nd7 32. Rh6 Rg5 33.
Re6 Reg8 34. g3 Rxf5 35. Rfe1 Rf8 36. R1e3 Rf1+ 37. Kg2 Rg1+ 0-1

[Event "1st CRO junior liga"]
[Site "Sveti Filip i Jakov"]
[Date "2018.04.08"]
[Round "11.22"]
[White "Safar, Sandro"]
[Black "Petrovic, David"]
[Result "1-0"]
[WhiteElo "2224"]
[BlackElo "1651"]
[PlyCount "75"]
[EventDate "2018.??.??"]
[WhiteClock "1:29:00"]
[BlackClock "1:30:00"]

1. d4 d5 2. Bf4 Nf6 3. e3 e6 4. Nf3 a6 5. c3 Bd6 6. Bg3 b5 7. Nbd2 Bb7 8. b4
Nbd7 9. a4 Bxg3 10. hxg3 c6 11. Bd3 Nb6 12. a5 Nc4 13. Qc2 Qd6 14. Nb3 Ng4 15.
Bxc4 bxc4 16. Nc5 O-O-O 17. Rh4 h5 18. O-O-O Rde8 19. Re1 g6 20. Ng5 Re7 21. e4
e5 22. dxe5 Nxe5 23. f4 d4 24. fxe5 Qxe5 25. Nf3 Qxg3 26. cxd4 g5 27. Rh3 Qf4+
28. Qd2 Qxd2+ 29. Nxd2 g4 30. Rh4 Rd8 31. Kc2 Rxd4 32. Kc3 Rd6 33. Rxh5 Kc7 34.
Nxc4 Rf6 35. Nxb7 Kxb7 36. Rf5 Rxf5 37. Nd6+ Kc7 38. Nxf5 1-0

[Event "1st CRO junior liga"]
[Site "Sveti Filip i Jakov"]
[Date "2018.04.08"]
[Round "11.23"]
[White "Jurotic, Nino"]
[Black "Batory, Lucija"]
[Result "0-1"]
[WhiteElo "1617"]
[BlackElo "1692"]
[PlyCount "62"]
[EventDate "2018.??.??"]
[WhiteClock "1:30:00"]
[BlackClock "1:30:00"]

1. d4 d5 2. c4 e6 3. Nc3 c6 4. cxd5 exd5 5. Qc2 Bd6 6. g3 Nf6 7. Bg5 Nbd7 8.
Bg2 h6 9. Bxf6 Nxf6 10. Nf3 Bg4 11. O-O O-O 12. Rfe1 Qb6 13. Rad1 Rfe8 14. a3
Bh5 15. b4 a5 16. Na4 Qc7 17. Nc5 Bg6 18. Qb2 axb4 19. axb4 b6 20. Nd3 Ra4 21.
b5 c5 22. dxc5 Bxc5 23. Nxc5 Qxc5 24. Rc1 Rb4 25. Qd2 Qxb5 26. Nd4 Qa4 27. e3
Rc4 28. Rxc4 Qxc4 29. Rc1 Qd3 30. Qb4 Qa6 31. Rc6 Qa1+ 0-1

[Event "1st CRO junior liga"]
[Site "Sveti Filip i Jakov"]
[Date "2018.04.08"]
[Round "11.24"]
[White "Zekic, Patrik"]
[Black "Vujic, Agata"]
[Result "1/2-1/2"]
[WhiteElo "1508"]
[BlackElo "1586"]
[PlyCount "45"]
[EventDate "2018.??.??"]
[WhiteClock "1:26:00"]
[BlackClock "1:30:00"]

1. d4 d5 2. Nf3 Nf6 3. Bf4 Bf5 4. e3 e6 5. Bd3 Bg6 6. c3 c5 7. Bxb8 Qxb8 8.
Bb5+ Kd8 9. O-O Bd6 10. dxc5 Bxc5 11. h3 Ke7 12. Nbd2 Rd8 13. Nb3 Bb6 14. a4 a6
15. Bd3 Qd6 16. Ne1 Rac8 17. Nd4 Rd7 18. g3 Bc7 19. Ng2 Bb8 20. a5 Qe5 21. Nf4
Qd6 22. Ng2 Rh8 23. Ra3 1/2-1/2